000
00327nam a2200133Ia 4500
008
220216s9999 xx 000 0 und d
100
_a
Chen Augustin
245
0
_a
TPU from aliphatic diisocyanates
260
_b
Rubber World
_c
1995
300
_a
31-35
700
_a
OConnor James M
700
_a
Wells Richard R
942
_c
JS
999
_c
71439
_d
71439